| 000 | 00432nam a2200169Ia 4500 | ||
|---|---|---|---|
| 003 | STCL | ||
| 008 | 181203s9999 xx 000 0 und d | ||
| 020 | _a9788170087793 | ||
| 040 |
_aSTCL _bEN _cSTCL |
||
| 082 | _222 | ||
| 100 | _aChaudhary, Anil Bikas | ||
| 245 | 4 | _aThe Art of Programming Through Flowcharts and Algorithms | |
| 260 |
_bFirewall Media _aNew Delhi _c2011 |
||
| 300 | _a160 | ||
| 546 | _aEnglish | ||
| 942 |
_2ddc _cBK |
||
| 999 |
_c87340 _d87340 |
||